Αρχαία ελληνικά γνωμικά στη σύγχρονη κοινωνική δικτύωση : στάσεις και αντιλήψεις μαθητών δευτεροβάθμιας εκπαίδευσης ; διπλωματική εργασία [μεταπτυχιακή εργασία]

Αποθηκεύτηκε σε:
Λεπτομέρειες βιβλιογραφικής εγγραφής
Κύριος συγγραφέας: Τριπολίτη, Μαρία
Μορφή: Thesis Βιβλίο
Γλώσσα:Greek
Δημοσίευση: 2015.
Θέματα:
Διαθέσιμο Online:http://hdl.handle.net/11610/16187
Ετικέτες: Προσθήκη ετικέτας
Δεν υπάρχουν, Καταχωρήστε ετικέτα πρώτοι!

MARC

LEADER 00000cam a2200000 a 4500
001 1/108553
008 150910s2015####gr | ||| |||| ||gre||
040 |a GR-MyUa  |b gre  |c GR-MyUa  |e AACR2 
041 0 |a gre 
082 7 |a 398.98   |2 (23) 
100 1 |a Τριπολίτη, Μαρία. 
245 1 0 |a Αρχαία ελληνικά γνωμικά στη σύγχρονη κοινωνική δικτύωση :   |b στάσεις και αντιλήψεις μαθητών δευτεροβάθμιας εκπαίδευσης ; διπλωματική εργασία [μεταπτυχιακή εργασία] /   |c Τριπολίτη Μαρία ; επιβλέπων καθηγητής Κατσαδώρος Γεώργιος.  
260 |c 2015.  
300 |a 130 σ. :   |b πίν., εικ. ;   |c 30 εκ.  
502 # # |a Διατριβή (μεταπτυχιακή) – Πανεπιστήμιο Αιγαίου, Ρόδος, 2015. 
504 |a Βιβλιογραφία: σ. 125-130.  
506 1 |a Διάθεση μόνο λέξεων κλειδιών - περιλήψεων.  
650 0 |a Maxims, Greek. 
650 0 |a Quotations, Greek. 
650 0 |a Proverbs, Greek. 
650 0 |a Students  |x Attitudes. 
650 0 |a Internet  |x Social aspects. 
700 1 |a Κατσαδώρος, Γεώργιος Κ.  |e dgs 
852 |a INST  |b RHODES  |c DIATR  |e 20150910  |h 398.98 ΤΡΙ  |p 005400038038  |q 005400038038  |t MTXE  |y 23 
856 |u http://hdl.handle.net/11610/16187 
924 |a Τριπολίτη   |b Μαρία   |y Ρόδος  |z 2015-07  
970 |z 10-09-2015